000 00691nam a2200241Ia 4500
001 dia_1939
003 CHAP
005 20230502090556.0
008 220117s1975 xx 000 0 und d
010 _a172475
040 _cCHAP
082 _a633.61 F3
100 _aFauconier, R.
_9151875
245 _aLa Caña de Azúcar /
_c por R. Fauconier y D. Bassereau
260 _aBarcelona, España :
_b Blume,
_c1975
300 _a433 p.
400 _aCOLECCIÓN AGRICULTURA TROPICAL
600 _a1.Caña de azúcar/ 2.Bassereau, D. i.t.
_9151876
901 _a633.61 F3
902 _aM
905 _a0000001975 BARA 0000000000ESP00
942 _cLIBRO
_2ddc
999 _c172475
_d172475